| 000 | 00793cam a2200241 a 4500 | ||
|---|---|---|---|
| 001 | 000005457 | ||
| 005 | 20200929151702.0 | ||
| 008 | 940624s1992 sp af 000 d spa | ||
| 020 | _a8437611202 | ||
| 040 |
_aDO-SdBNP _cDLC _dDLC |
||
| 082 |
_a862.6 _bA334d |
||
| 100 | 1 |
_aAlberti, Rafael, _d1902-1999. _99163 |
|
| 245 | 1 | 0 |
_aDe un momento a otro : _bel adefesio / _cRafael Alberti ; edición de Gregorio Torres Nebrera. |
| 260 |
_aMadrid : _bCátedra, _c1992. |
||
| 300 |
_a319 p. : _bil. ; _c18 cm. |
||
| 490 | 1 |
_aLetras hispánicas _v356 |
|
| 650 | 4 |
_aTeatro español _93071 |
|
| 650 | 4 |
_aTeatro español _xHistoria y crítica _915506 |
|
| 700 | 1 |
_aTorres Nebrera, Gregorio, _eed. _915000 |
|
| 830 | 0 |
_aLetras hispánicas _v356 _94208 |
|
| 910 | _aCatalogación por copia / LC | ||
| 910 | _aWM | ||
| 999 |
_c5257 _d5257 |
||